Vogue knitting crocheted hats.
Available copies
- 1 of 1 copy available at LARL/NWRL Consortium.
Current holds
0 current holds with 1 total copy.
Show Only Available Copies
| Location | Call Number / Copy Notes | Barcode | Shelving Location | Status | Due Date |
|---|---|---|---|---|---|
| Greenbush Public Library | 746.434 VOG (Text) | 35500003954649 | Main | Available | - |
Record details
- ISBN: 193154378X
- Physical Description: 94 p. : col. ill. ; 19 cm.
- Edition: 1st ed.
- Publisher: New York : Sixth&Spring Books, c2005.
Search for related items by subject
| Subject: | Crocheting > Patterns. Scarves |
Search for related items by series
| LDR | 00705nam a2200217Ka 4500 | ||
|---|---|---|---|
| 001 | 75392 | ||
| 003 | LARL_NWRL_CONSORTIUM | ||
| 005 | 20051012062940.0 | ||
| 008 | 051012s2005 nyua 000 0 eng | ||
| 020 | . | ‡a193154378X | |
| 245 | 0 | 0. | ‡aVogue knitting crocheted hats. |
| 246 | 3 | 0. | ‡aCrocheted hats |
| 250 | . | ‡a1st ed. | |
| 260 | . | ‡aNew York : ‡bSixth&Spring Books, ‡cc2005. | |
| 300 | . | ‡a94 p. : ‡bcol. ill. ; ‡c19 cm. | |
| 490 | 0 | . | ‡aVogue knitting on the go! |
| 650 | 0. | ‡aCrocheting ‡vPatterns. ‡0(LARL_NWRL_CONSORTIUM)18039 | |
| 650 | 0. | ‡aScarves ‡0(LARL_NWRL_CONSORTIUM)30297 | |
| 901 | . | ‡a75392 ‡bISxN ‡c75392 ‡tbiblio | |

Add to basket
Permalink
Disable Highlighting